00288 a2200121 4500001000700000020000600007040001100013100003900024240004600063245004100109300000700150362000900157188562 a  cMagnum aGomes, Leonardo José Magalhães10aGuerra dos emboabas, 300 anos depoislpor10aGuerra dos emboabas, 300 anos depois a150 a2009